| 000 | 00818nam a2200241Ia 4500 | ||
|---|---|---|---|
| 005 | 20220317001536.0 | ||
| 008 | 161108s2011 ck ao g 000 0 s | ||
| 020 | _a9789584496126 | ||
| 082 | 0 | 4 |
_a986.1 _bJ68 |
| 100 | 1 |
_aSantos Molano, Enrique _d1942- |
|
| 245 | 1 | 3 | _aLa joven Constitución de Colombia |
| 250 | _a1a. edición | ||
| 300 |
_a224 páginas _bilustraciones, fotografías en color _c32 cm |
||
| 650 | 1 | 4 |
_2LEMB _aConstitución Política _vHistoria |
| 651 | 4 |
_acolombia _xConstitucion politica _y1991 _975444 |
|
| 651 | 4 |
_aConstitucion politica de colombia _975445 |
|
| 942 |
_2ddc _cBK |
||
| 264 |
_aBogotá _bCarlos Nicolás Hernández _c2011 |
||
| 336 |
_atexto _btxt _2rdacontent |
||
| 337 |
_asin mediación _bn _2rdamedia |
||
| 338 |
_avolumen _bnc _2rdacarrier |
||
| 040 |
_aCO-BoRNBP _bspa _erda _cCO-BoRNBP |
||
| 999 |
_c7306 _d7306 |
||